Giai thoại làng văn Việt Nam

Salvato in:
Dettagli Bibliografici
Autore principale: Xuân Tùng
Natura: Libro
Lingua:Undetermined
Pubblicazione: Hà Nội Văn hóa Dân tộc 1999
Soggetti:
Tags: Aggiungi Tag
Nessun Tag, puoi essere il primo ad aggiungerne! !
Thư viện lưu trữ: Trung tâm Học liệu Trường Đại học Cần Thơ
LEADER 00564nam a2200205Ia 4500
001 CTU_37939
008 210402s9999 xx 000 0 und d
020 |c 35000 
082 |a 895.9228 
082 |b X502 
100 |a Xuân Tùng 
245 0 |a Giai thoại làng văn Việt Nam 
245 0 |c Xuân Tùng 
260 |a Hà Nội 
260 |b Văn hóa Dân tộc 
260 |c 1999 
650 |a Vietnamese literature 
650 |y 20th century 
904 |i Q. Hiếu (sửa) 
980 |a Trung tâm Học liệu Trường Đại học Cần Thơ